| 000 | 00000nam##2200000za#4500 |
| 001 | 9.648429 |
| 003 | CaOODSP |
| 005 | 20210615113105 |
| 007 | ta |
| 008 | 150407|2001||||xxc||||| f|0| 0 eng|d |
| 020 | |a0-662-31491-3 |
| 040 | |aCaOODSP|beng |
| 043 | |an-cn--- |
| 086 | 1 |aF1-23/2001-0E |
| 110 | 1 |aCanada. |bDepartment of Finance. |
| 245 | 10|aBudget 2001: overview |
| 260 | |aOttawa - Ontario : |bFinance Canada |c2001. |
| 563 | |aPamphlet |
| 590 | |a01-51|b2001-12-28 |
| 690 | 07|aEstimates|2gcpds |
| 690 | 07|aPublic finance|2gcpds |
| 775 | 08|tLe budget de 2001: aperçu |w(CaOODSP)9.681715 |
| 776 | 0#|tBudget 2001-- overview |w(CaOODSP)9.695525 |